[Event "CRO Cup"]
[Site "Mali Losinj"]
[Date "2017.05.12"]
[Round "4.12"]
[White "Cecuk, Marijo"]
[Black "Zakic, Marko"]
[Result "0-1"]
[WhiteElo "2058"]
[BlackElo "1861"]
[PlyCount "84"]
[EventDate "2017.05.10"]
[EventType "team-swiss"]
[EventRounds "6"]
[EventCountry "CRO"]
[SourceTitle "CBM 178 Extra"]
[Source "ChessBase"]
[SourceDate "2017.06.22"]
[SourceVersion "1"]
[SourceVersionDate "2017.06.22"]
[SourceQuality "1"]
[WhiteTeam "Omis"]
[BlackTeam "Nova Gradiska Strmac"]
[WhiteTeamCountry "CRO"]
[BlackTeamCountry "CRO"]

1. d4 d5 2. Nf3 Nf6 3. Bf4 e6 4. Nbd2 Be7 5. e3 0-0 6. h3 Nbd7 7. Bd3 c5 8. c3 a6 9. a4 b6 10. 0-0 Bb7 11. Qe2 c4 12. Bc2 b5 13. Ne5 b4 14. a5 Nxe5 15. Bxe5 b3 16. Bb1 Nd7 17. Qg4 Nxe5 18. dxe5 Qc7 19. f4 Bc5 20. Rf3 Qe7 21. Rg3 f5 22. Qe2 Qh4 23. Kh2 Kh8 24. Nxc4 dxc4 25. Qxc4 Qe7 26. Qxb3 Rab8 27. Qd1 Rfd8 28. Qe2 Qd7 29. b4 Be7 30. e4 Qd1 31. Qa2 Rd2 32. Qxe6 Bh4 33. Qxf5 Bxg3+ 34. Kxg3 Qe2 35. Kh4 Qxg2 36. e6 Qf2+ 37. Kg4 Qe2+ 38. Kg5 Qf3 39. Ra2 Rxa2 40. Bxa2 Bxe4 41. Qg4 Rb5+ 42. Kh4 Qf2+ 0-1

[Event "CRO Cup"]
[Site "Mali Losinj"]
[Date "2017.05.10"]
[Round "1.9"]
[White "Loncar, Robert"]
[Black "Cecuk, Marijo"]
[Result "1-0"]
[WhiteElo "2356"]
[BlackElo "2058"]
[PlyCount "47"]
[EventDate "2017.05.10"]
[EventType "team-swiss"]
[EventRounds "6"]
[EventCountry "CRO"]
[SourceTitle "CBM 178 Extra"]
[Source "ChessBase"]
[SourceDate "2017.06.22"]
[SourceVersion "1"]
[SourceVersionDate "2017.06.22"]
[SourceQuality "1"]
[WhiteTeam "Kastel Novi Sedlar"]
[BlackTeam "Omis"]
[WhiteTeamCountry "CRO"]
[BlackTeamCountry "CRO"]

1. d4 d5 2. c4 c6 3. Nf3 Nf6 4. e3 e6 5. Bd3 Be7 6. 0-0 Nbd7 7. Nbd2 a6 8. e4 dxe4 9. Nxe4 Nxe4 10. Bxe4 Nf6 11. Bc2 0-0 12. Bg5 g6 13. Qd2 Nh5 14. Bh6 Ng7 15. Rad1 Bf6 16. Qe3 Re8 17. g4 Bd7 18. Qf4 b5 19. Ne5 Ra7 20. Rd3 Rf8 21. Rf3 Be7 22. Bxg7 Kxg7 23. Nxf7 Qb8 24. Qh6+ 1-0

[Event "CRO-chT2 South"]
[Site "Croatia"]
[Date "2014.04.25"]
[Round "1.3"]
[White "Peric, Davor"]
[Black "Cecuk, Marijo"]
[Result "0-1"]
[WhiteElo "1917"]
[BlackElo "2071"]
[PlyCount "52"]
[EventDate "2014.04.25"]
[EventType "team-tourn"]
[EventRounds "9"]
[EventCountry "CRO"]
[SourceTitle "EXT 2019"]
[Source "ChessBase"]
[SourceDate "2018.10.10"]
[SourceVersion "1"]
[SourceVersionDate "2018.10.10"]
[SourceQuality "1"]

1. d4 Nf6 2. c4 e6 3. Nf3 b6 4. g3 Bb4+ 5. Bd2 Be7 6. Nc3 Bb7 7. Bg2 0-0 8. 0-0 d5 9. cxd5 exd5 10. Bg5 Nbd7 11. Rc1 Ne4 12. Bxe7 Qxe7 13. Qd3 Rfe8 14. Rfe1 a6 15. e3 Rad8 16. Nd2 c5 17. b3 b5 18. dxc5 Ndxc5 19. Qc2 Rc8 20. Nf3 b4 21. Ne2 Nxf2 22. Nf4 Ncd3 23. Qd2 Nxe1 24. Kxf2 Rxc1 25. Nxe1 Rc3 26. Ned3 d4 0-1

[Event "Split op 1st"]
[Site "Split"]
[Date "2011.08.11"]
[Round "7"]
[White "Berke, Ana"]
[Black "Cecuk, Marijo"]
[Result "1-0"]
[WhiteElo "2174"]
[BlackElo "2104"]
[PlyCount "133"]
[EventDate "2011.08.05"]
[EventType "swiss"]
[EventRounds "9"]
[EventCountry "CRO"]
[SourceTitle "CBM 143 Extra"]
[Source "ChessBase"]
[SourceDate "2011.08.29"]
[SourceVersion "1"]
[SourceVersionDate "2011.08.29"]
[SourceQuality "1"]

1. e4 e5 2. Nf3 d6 3. d4 Nf6 4. Nc3 Nbd7 5. Bc4 Be7 6. 0-0 0-0 7. Re1 c6 8. a4 a5 9. Ba2 Qc7 10. h3 b6 11. Re2 Nh5 12. Be3 Nf4 13. Bxf4 exf4 14. d5 c5 15. Qd2 Ba6 16. Ree1 g5 17. Rad1 Bf6 18. e5 Nxe5 19. Nxe5 Bxe5 20. Ne4 h6 21. c4 Rae8 22. Qc2 f5 23. Nd2 Bc8 24. Bb1 Qg7 25. b3 h5 26. Nf3 Bf6 27. Nh2 Bc3 28. Rxe8 Rxe8 29. Qd3 Re7 30. Qf3 Qh8 31. h4 Bf6 32. hxg5 Bxg5 33. Qh3 Qh7 34. Nf3 Bf6 35. Nh4 Re5 36. Qh2 Qh6 37. Nf3 Re2 38. Bd3 Re7 39. Qh3 Qg6 40. Nh4 Bxh4 41. Qxh4 Rg7 42. Bf1 Qg5 43. Qxg5 Rxg5 44. f3 Kf7 45. Kf2 Rg8 46. Bd3 Re8 47. g3 fxg3+ 48. Kxg3 Kf6 49. Kf4 h4 50. Rh1 Rh8 51. Bf1 Bd7 52. Bh3 Re8 53. Rg1 Re2 54. Rg5 Rb2 55. Bxf5 Bxf5 56. Rxf5+ Kg6 57. Rg5+ Kf6 58. Rh5 Rxb3 59. Rh6+ Ke7 60. Rxh4 Rb4 61. Rh7+ Kf6 62. Rh6+ Ke7 63. Kf5 Rxc4 64. Rh7+ Kd8 65. Ke6 Rxa4 66. Kxd6 Ke8 67. Kc7 1-0